[Event "Madrid ch - Previa A"]
[Site "Madrid ESP"]
[Date "2010.11.23"]
[Round "7.3"]
[White "Rodriguez Vignote, Javier"]
[Black "Lopez Garralon, Miguel"]
[Result "1-0"]
[WhiteElo "1904"]
[BlackElo "1882"]
[PlyCount "73"]
[EventDate "2010.11.10"]
[EventType "swiss"]
[EventRounds "9"]
[EventCountry "ESP"]
[Source "lmi"]
[SourceDate "2010.11.10"]

1. d4 d6 2. c4 Nf6 3. Nc3 Nbd7 4. Nf3 e5 5. e4 Be7 6. Be2 c6 7. O-O Qc7 8. h3
h6 9. Be3 Nf8 10. Rc1 g5 11. dxe5 dxe5 12. Qa4 Ng6 13. Nd5 Nxd5 14. cxd5 Bd7
15. dxc6 Bxc6 16. Bb5 Bxb5 17. Qxb5+ Qd7 18. Qxd7+ Kxd7 19. Rfd1+ Ke6 20. Rc7
Bd6 21. Rxb7 Rhb8 22. Rxb8 Rxb8 23. b3 a6 24. Nd2 Rd8 25. Nc4 Be7 26. Rxd8 Bxd8
27. g3 Kd7 28. Kf1 Kc6 29. Ke2 f6 30. Kd3 Ne7 31. Bd2 Kc5 32. a3 Kc6 33. Bb4
Ng6 34. Ne3 a5 35. Be1 Be7 36. Ng4 Bd6 37. a4 1-0

[Event "Madrid ch - Previa A"]
[Site "Madrid ESP"]
[Date "2010.11.23"]
[Round "7.4"]
[White "Perez Del Amo, Jorge"]
[Black "Cano Cabanillas, Javier"]
[Result "1/2-1/2"]
[WhiteElo "1812"]
[BlackElo "1918"]
[PlyCount "73"]
[EventDate "2010.11.10"]
[EventType "swiss"]
[EventRounds "9"]
[EventCountry "ESP"]
[Source "lmi"]
[SourceDate "2010.11.10"]

1. d4 Nf6 2. Nf3 g6 3. e3 Bg7 4. Bd3 d5 5. b3 c5 6. O-O Nc6 7. Bb2 Nd7 8. a3
O-O 9. Nbd2 e5 10. dxe5 Ndxe5 11. Nxe5 Nxe5 12. Rb1 Nxd3 13. cxd3 Bxb2 14. Rxb2
Qf6 15. Rc2 b6 16. Nf3 Bg4 17. h3 Bxf3 18. Qxf3 Qxf3 19. gxf3 Rac8 20. Rfc1 Rc7
21. d4 Rfc8 22. dxc5 Rxc5 23. Rxc5 Rxc5 24. Rxc5 bxc5 25. Kf1 Kg7 26. Ke2 Kh6
27. b4 cxb4 28. axb4 Kg5 29. Kf1 f5 30. f4+ Kh4 31. Kg2 a6 32. f3 g5 33. fxg5
Kxg5 34. f4+ Kh4 35. Kh2 Kh5 36. Kg3 Kg6 37. Kf2 1/2-1/2

[Event "Madrid ch - Previa A"]
[Site "Madrid ESP"]
[Date "2010.11.23"]
[Round "7.5"]
[White "Galan Aguado, Fernando"]
[Black "Lozano Sanchez, Jose Antonio"]
[Result "0-1"]
[WhiteElo "1820"]
[BlackElo "1913"]
[PlyCount "72"]
[EventDate "2010.11.10"]
[EventType "swiss"]
[EventRounds "9"]
[EventCountry "ESP"]
[Source "lmi"]
[SourceDate "2010.11.10"]

1. d4 d5 2. Nf3 Nf6 3. e3 Bf5 4. c4 c6 5. Qb3 Qb6 6. Nbd2 Nbd7 7. Be2 e6 8. O-O
Be7 9. Ne5 Qxb3 10. Nxb3 Nxe5 11. dxe5 Nd7 12. f4 Nc5 13. Nd4 Bd3 14. cxd5 Bxe2
15. Nxe2 cxd5 16. Bd2 Ne4 17. Bc3 Nxc3 18. Nxc3 Bc5 19. Rf3 a6 20. Ne2 Rc8 21.
Rc1 Kd7 22. Rc3 Rc7 23. Nd4 Rhc8 24. Rf2 Bxd4 25. Rxc7+ Rxc7 26. exd4 Rc1+ 27.
Rf1 Rxf1+ 28. Kxf1 Kc6 29. Ke2 Kb5 30. Kd3 Kb4 31. g4 h6 32. h4 g6 33. h5 gxh5
34. gxh5 b6 35. Kd2 Kc4 36. Ke3 a5 0-1

[Event "Madrid ch - Previa A"]
[Site "Madrid ESP"]
[Date "2010.11.23"]
[Round "7.6"]
[White "Monge Gilgado, Eva Maria"]
[Black "Martin-consuegra Barrilero, Javier"]
[Result "1/2-1/2"]
[WhiteElo "1812"]
[BlackElo "1908"]
[PlyCount "56"]
[EventDate "2010.11.10"]
[EventType "swiss"]
[EventRounds "9"]
[EventCountry "ESP"]
[Source "lmi"]
[SourceDate "2010.11.10"]

1. e4 d6 2. Nf3 e5 3. Bc4 Be7 4. c3 Bf6 5. d3 Nc6 6. O-O Na5 7. Bb5+ Bd7 8.
Bxd7+ Qxd7 9. Re1 Ne7 10. Nbd2 O-O 11. Nf1 Nac6 12. d4 Ng6 13. d5 Nce7 14. Ng3
Nf4 15. Bxf4 exf4 16. Nh5 Be5 17. Nxe5 dxe5 18. g3 fxg3 19. hxg3 Kh8 20. Kg2 f6
21. g4 g6 22. Ng3 Kg7 23. Rh1 h6 24. Qd2 Rh8 25. f3 Rad8 26. Rh3 f5 27. gxf5
gxf5 28. Nh5+ Kf7 1/2-1/2

[Event "Madrid ch - Previa A"]
[Site "Madrid ESP"]
[Date "2010.11.23"]
[Round "7.7"]
[White "Fernandez Garcia, Ignacio"]
[Black "Sarabia Utrilla, Joaquin"]
[Result "0-1"]
[WhiteElo "1948"]
[BlackElo "1820"]
[PlyCount "86"]
[EventDate "2010.11.10"]
[EventType "swiss"]
[EventRounds "9"]
[EventCountry "ESP"]
[Source "lmi"]
[SourceDate "2010.11.10"]

1. e4 e5 2. f4 exf4 3. Nf3 d6 4. d4 g5 5. h4 g4 6. Ng5 f6 7. Bxf4 fxg5 8. hxg5
Bg7 9. Bc4 Ne7 10. Nc3 Nbc6 11. Ne2 Ng6 12. g3 Qe7 13. Qd2 Bd7 14. Bd5 a6 15.
O-O-O O-O-O 16. Be3 Rdf8 17. b4 Qe8 18. a4 Nce7 19. Bc4 Bxa4 20. Bd3 Bb5 21. c4
Ba4 22. Rde1 Bd7 23. Kc2 Ba4+ 24. Kb1 Bd7 25. Qa2 Nc6 26. b5 Nb8 27. Nc3 axb5
28. cxb5 Ne7 29. Rc1 Rf3 30. Rhe1 h6 31. Qa5 hxg5 32. Na4 Bc6 33. bxc6 Nexc6
34. Qxg5 Rf7 35. d5 Qe5 36. Rc3 Qxg5 37. dxc6 Qa5 38. cxb7+ Kd8 39. e5 Bxe5 40.
Bg5+ Kd7 41. Rxe5 Qxe5 42. Nc5+ dxc5 43. Bb5+ c6 0-1

[Event "Madrid ch - Previa A"]
[Site "Madrid ESP"]
[Date "2010.11.23"]
[Round "7.8"]
[White "Maseda Iglesias, Luis"]
[Black "Rojas Pozo, Jose Luis"]
[Result "0-1"]
[WhiteElo "1787"]
[BlackElo "1946"]
[PlyCount "76"]
[EventDate "2010.11.10"]
[EventType "swiss"]
[EventRounds "9"]
[EventCountry "ESP"]
[Source "lmi"]
[SourceDate "2010.11.10"]

1. d4 d5 2. Nf3 Nf6 3. e3 c5 4. b3 Nc6 5. Bb2 Bg4 6. Nbd2 cxd4 7. exd4 Qb6 8.
Be2 e6 9. O-O Be7 10. Rc1 O-O 11. Ne5 Bxe2 12. Qxe2 Nxd4 13. Qd3 Nc6 14. Nxc6
Qxc6 15. c4 Qa6 16. a4 Rfd8 17. Qg3 d4 18. Nf3 d3 19. Nd2 Ne8 20. Rcd1 Qb6 21.
Rfe1 Rd7 22. Bc3 Bf6 23. Be5 Rad8 24. Kf1 Qb4 25. Re4 Bxe5 26. Rxe5 Qc3 27. Re3
Qc2 28. Qf3 Nf6 29. h3 Rd4 30. Ke1 R8d7 31. g4 h6 32. Re5 Qc3 33. Kf1 Rxg4 34.
Rxe6 fxe6 35. hxg4 Qd4 36. Re1 e5 37. Re3 Nxg4 38. Re4 Nh2+ 0-1

[Event "Madrid ch - Previa A"]
[Site "Madrid ESP"]
[Date "2010.11.23"]
[Round "7.9"]
[White "Kalynovsky, Martin"]
[Black "Lopez Peral, Enrique"]
[Result "0-1"]
[WhiteElo "1694"]
[BlackElo "1881"]
[PlyCount "68"]
[EventDate "2010.11.10"]
[EventType "swiss"]
[EventRounds "9"]
[EventCountry "ESP"]
[Source "lmi"]
[SourceDate "2010.11.10"]

1. e4 e5 2. Nf3 Nf6 3. Nxe5 d6 4. Nf3 Nxe4 5. d4 d5 6. Bd3 Be7 7. h3 Nc6 8. O-O
O-O 9. Re1 Bf5 10. Nbd2 Nd6 11. Nf1 Bf6 12. Bxf5 Nxf5 13. c3 Re8 14. Ne3 Nxe3
15. Bxe3 Qd6 16. Qc2 Re4 17. Bg5 Rae8 18. Re3 h6 19. Bxf6 Qxf6 20. Rae1 Qg6 21.
Qd2 f5 22. Rxe4 fxe4 23. Nh2 h5 24. Nf1 Ne7 25. Qf4 c6 26. Qc7 Nf5 27. Qxb7 Nh4
28. Ng3 Rf8 29. Re3 Qf6 30. Re2 Nxg2 31. Kxg2 Qf3+ 32. Kg1 h4 33. Nf5 Rxf5 34.
Qc7 Rg5+ 0-1

[Event "Madrid ch - Previa A"]
[Site "Madrid ESP"]
[Date "2010.11.23"]
[Round "7.10"]
[White "Pardo Robles, Jose Manuel"]
[Black "Olano Lanchas, Dionisio"]
[Result "0-1"]
[WhiteElo "1871"]
[BlackElo "1765"]
[PlyCount "120"]
[EventDate "2010.11.10"]
[EventType "swiss"]
[EventRounds "9"]
[EventCountry "ESP"]
[Source "lmi"]
[SourceDate "2010.11.10"]

1. e4 Nc6 2. d4 d5 3. e5 Bf5 4. c3 a6 5. a4 e6 6. Bd3 Bxd3 7. Qxd3 Na5 8. Qc2
c5 9. dxc5 Qc7 10. Nf3 Nc6 11. Qe2 Bxc5 12. Be3 Bxe3 13. Qxe3 Nge7 14. O-O Na5
15. Nbd2 Ng6 16. Rfe1 O-O 17. Nd4 Nc6 18. N2f3 Na5 19. Nd2 Rac8 20. f4 Qb6 21.
Rab1 Nc4 22. Nxc4 Rxc4 23. b3 Rcc8 24. Rec1 Ne7 25. Nf5 Qd8 26. Nd6 Rb8 27. c4
b6 28. cxd5 Nxd5 29. Qd2 Qh4 30. g3 Qg4 31. Kg2 h5 32. h3 Qg6 33. f5 Qh7 34.
Rf1 Ne7 35. f6 Nd5 36. fxg7 Qxg7 37. Qd4 h4 38. g4 Qg5 39. Rbe1 b5 40. axb5
axb5 41. Ne4 Qg6 42. Rf3 Rbd8 43. Qb2 Nb4 44. Nd6 Nd3 45. Qe2 Nxe1+ 46. Qxe1
Qc2+ 47. Kg1 Qc5+ 48. Kg2 Ra8 49. Ne4 Ra2+ 50. Kh1 Qd4 51. Nf6+ Kg7 52. Rf1 Qd2
53. Qxd2 Rxd2 54. Ne4 Rd3 55. Nc5 Rxh3+ 56. Kg2 Re3 57. Rh1 h3+ 58. Rxh3 Rxh3
59. Kxh3 Kg6 60. Kg3 Rd8 0-1

[Event "Madrid ch - Previa A"]
[Site "Madrid ESP"]
[Date "2010.11.23"]
[Round "7.11"]
[White "Lopez Rodriguez, Eduardo"]
[Black "Beekhof Harmsen, Willen"]
[Result "0-1"]
[WhiteElo "1861"]
[BlackElo "1806"]
[PlyCount "90"]
[EventDate "2010.11.10"]
[EventType "swiss"]
[EventRounds "9"]
[EventCountry "ESP"]
[Source "lmi"]
[SourceDate "2010.11.10"]

1. e4 d6 2. d4 Nf6 3. Nc3 e5 4. dxe5 Ng4 5. Nf3 Nxe5 6. Nxe5 dxe5 7. Qxd8+ Kxd8
8. Bc4 f6 9. O-O a6 10. Be3 Nd7 11. Rad1 Bd6 12. a3 b6 13. Nd5 Rb8 14. b4 Bb7
15. f3 Bxd5 16. Rxd5 b5 17. Bb3 Ke7 18. Rfd1 Rhd8 19. c4 bxc4 20. Bxc4 Nb6 21.
Bxb6 Rxb6 22. Ra5 Bc5+ 23. Rxc5 Rxd1+ 24. Bf1 Kd7 25. Kf2 Rc6 26. Rxc6 Kxc6 27.
Bxa6 Kb6 28. Be2 Ra1 29. g4 h6 30. Kg3 c6 31. h4 g5 32. hxg5 hxg5 33. Kf2 Rxa3
34. Bc4 Ra4 35. Ke3 Rxb4 36. Kd3 Rb2 37. Be6 Kc5 38. Bf7 Kb4 39. Be6 c5 40. Bd5
Rh2 41. Be6 Rh3 42. Ke2 Kc3 43. Bd5 Kd4 44. Bf7 Rh2+ 45. Kd1 Ke3 0-1

[Event "Madrid ch - Previa A"]
[Site "Madrid ESP"]
[Date "2010.11.23"]
[Round "7.12"]
[White "Algaba Traspuesto, Jose Antonio"]
[Black "Garcia Lopez, Pedro"]
[Result "0-1"]
[WhiteElo "1717"]
[BlackElo "1854"]
[PlyCount "72"]
[EventDate "2010.11.10"]
[EventType "swiss"]
[EventRounds "9"]
[EventCountry "ESP"]
[Source "lmi"]
[SourceDate "2010.11.10"]

1. f4 d5 2. Nf3 c5 3. e3 a6 4. b3 Nc6 5. Bb2 h6 6. d3 e6 7. Be2 Nf6 8. O-O Be7
9. Ne5 O-O 10. Rf3 d4 11. e4 Nxe5 12. fxe5 Ng4 13. Bc1 Nxe5 14. Rg3 g5 15. Nd2
f5 16. Nf3 Nxf3+ 17. Bxf3 f4 18. Bxf4 Rxf4 19. Qd2 e5 20. Rf1 Kh7 21. Qe2 Qf8
22. h3 Qf7 23. Kh2 Qf6 24. Kg1 Be6 25. Qd2 h5 26. Qe2 Rf8 27. Kh2 h4 28. Rg4
Bxg4 29. hxg4 Rxg4 30. Bxg4 Qxf1 31. Bf5+ Rxf5 32. Qh5+ Kg7 33. exf5 Qxf5 34.
Qe8 Qe6 35. Qb8 e4 36. dxe4 Bd6+ 0-1

[Event "Madrid ch - Previa A"]
[Site "Madrid ESP"]
[Date "2010.11.23"]
[Round "7.13"]
[White "Fernandez Aransay, Fernando"]
[Black "Benito Alba, Eladio"]
[Result "1/2-1/2"]
[WhiteElo "1925"]
[BlackElo "1761"]
[PlyCount "58"]
[EventDate "2010.11.10"]
[EventType "swiss"]
[EventRounds "9"]
[EventCountry "ESP"]
[Source "lmi"]
[SourceDate "2010.11.10"]

1. e4 c6 2. d4 d5 3. exd5 cxd5 4. c4 Nf6 5. Nc3 e6 6. Nf3 Nc6 7. Be2 Be7 8. O-O
O-O 9. a3 a6 10. Be3 dxc4 11. Bxc4 b5 12. Bb3 Na5 13. Bc2 Bb7 14. Ne5 Rc8 15.
Qd3 g6 16. Rfd1 Nc4 17. Nxc4 Rxc4 18. Rac1 Qa8 19. Qf1 Nd5 20. Bd3 Nxc3 21.
bxc3 Rcc8 22. f3 Bxa3 23. Rc2 Bd5 24. Ra1 b4 25. cxb4 Rxc2 26. Bxc2 Bxb4 27.
Rxa6 Qb7 28. Ra1 Qc7 29. Be4 Qc3 1/2-1/2

[Event "Madrid ch - Previa A"]
[Site "Madrid ESP"]
[Date "2010.11.23"]
[Round "7.14"]
[White "Noriega De La Sierra, Antonio"]
[Black "Rodriguez Lopez-Cañizares, Francisco"]
[Result "1-0"]
[WhiteElo "1862"]
[BlackElo "1680"]
[PlyCount "85"]
[EventDate "2010.11.10"]
[EventType "swiss"]
[EventRounds "9"]
[EventCountry "ESP"]
[Source "lmi"]
[SourceDate "2010.11.10"]

1. d4 Nf6 2. c4 e5 3. dxe5 Ng4 4. Nf3 Bc5 5. e3 Nc6 6. Nc3 Ngxe5 7. Nd5 d6 8.
a3 a5 9. Be2 O-O 10. O-O Ne7 11. Nxe5 dxe5 12. e4 c6 13. Ne3 Be6 14. Qc2 Qc8
15. Rd1 Bd4 16. Rb1 c5 17. Nd5 Nxd5 18. exd5 Bf5 19. Bd3 Bg6 20. Be3 f5 21. Re1
e4 22. Bf1 f4 23. Bxd4 cxd4 24. Rxe4 Bxe4 25. Qxe4 Qf5 26. Re1 Qf6 27. Rd1 Rae8
28. Qc2 b6 29. b4 Ra8 30. Bd3 Kf7 31. Re1 Rfe8 32. Rb1 Re7 33. Be4 Rae8 34. f3
g5 35. bxa5 bxa5 36. c5 Rc7 37. d6 Rxe4 38. Qxe4 Rxc5 39. Rb7+ Kf8 40. Qxh7 Rc8
41. Rc7 Rd8 42. Qe7+ Qxe7 43. dxe7+ 1-0

[Event "Madrid ch - Previa A"]
[Site "Madrid ESP"]
[Date "2010.11.23"]
[Round "7.15"]
[White "Canseco Arenas, Alfonso"]
[Black "Corredor Gonzalez, Angel L"]
[Result "1/2-1/2"]
[WhiteElo "1808"]
[BlackElo "1748"]
[PlyCount "129"]
[EventDate "2010.11.10"]
[EventType "swiss"]
[EventRounds "9"]
[EventCountry "ESP"]
[Source "lmi"]
[SourceDate "2010.11.10"]

1. e4 e5 2. c4 Nf6 3. Nc3 Nc6 4. g3 d6 5. Bg2 Be7 6. d3 O-O 7. Nge2 Bg4 8. h3
Bh5 9. g4 Bg6 10. Ng3 Nd7 11. h4 Bxh4 12. Nf5 Bg5 13. Nd5 Bxc1 14. Qxc1 Nc5 15.
Qd2 a5 16. Bf1 Re8 17. O-O-O Nb4 18. Kb1 Nxd5 19. cxd5 b5 20. f4 b4 21. fxe5
dxe5 22. Rc1 Na4 23. d4 Qb8 24. dxe5 Nc3+ 25. Ka1 Nxe4 26. Qd4 Bxf5 27. gxf5
Ng3 28. Rg1 Nxf5 29. Qf4 Ne7 30. e6 Rf8 31. Qg4 g6 32. exf7+ Rxf7 33. Qe6 Qb6
34. Bh3 Kg7 35. Qe5+ Qf6 36. Qe4 Nf5 37. Rc6 Nd6 38. Qb1 Qd4 39. Be6 Re7 40.
Qc1 Ra7 41. Rh1 h5 42. Qg5 Re8 43. Rcc1 Nc4 44. Qg2 Qd2 45. Qxd2 Nxd2 46. Rc2
Ne4 47. Rhc1 Re7 48. Rg1 a4 49. Rc4 Nf6 50. Rxb4 c6 51. Bf5 Nxd5 52. Rxg6+ Kf7
53. Re4 Rxe4 54. Bxe4 Re7 55. Bb1 Re6 56. Rg5 Nf6 57. a3 h4 58. Bc2 h3 59. Rg1
h2 60. Rh1 Ng4 61. Bf5 Rg6 62. Bxg4 Rxg4 63. Rxh2 Rc4 64. Re2 Kf6 65. Re3
1/2-1/2

[Event "Madrid ch - Previa A"]
[Site "Madrid ESP"]
[Date "2010.11.23"]
[Round "7.16"]
[White "Gonzalo Gonzalez, Francisco"]
[Black "Lucia Carpintero, Oscar"]
[Result "0-1"]
[WhiteElo "1764"]
[BlackElo "1668"]
[PlyCount "56"]
[EventDate "2010.11.10"]
[EventType "swiss"]
[EventRounds "9"]
[EventCountry "ESP"]
[Source "lmi"]
[SourceDate "2010.11.10"]

1. e4 e6 2. Nc3 d5 3. exd5 exd5 4. Qf3 Nf6 5. d4 Bg4 6. Qd3 Qd7 7. Bf4 Bb4 8.
f3 Bf5 9. Qd2 O-O 10. O-O-O Nc6 11. g4 Bxc3 12. Qxc3 Nxg4 13. fxg4 Be4 14. Bd3
Bxh1 15. Bf5 Qe7 16. g5 Be4 17. Bg4 f6 18. h4 fxg5 19. Bxg5 Qd6 20. Qh3 Rf2 21.
Ne2 Raf8 22. Qb3 Nb4 23. c3 Nd3+ 24. Kd2 Nf4 25. Rg1 Nxe2 26. Bxe2 Qh2 27. Qd1
Rxe2+ 28. Qxe2 Rf2 0-1

[Event "Madrid ch - Previa A"]
[Site "Madrid ESP"]
[Date "2010.11.23"]
[Round "7.17"]
[White "Benitez Cadenas, Luis Miguel"]
[Black "Tirado Parra, Alberto"]
[Result "0-1"]
[WhiteElo "1724"]
[BlackElo "1908"]
[PlyCount "56"]
[EventDate "2010.11.10"]
[EventType "swiss"]
[EventRounds "9"]
[EventCountry "ESP"]
[Source "lmi"]
[SourceDate "2010.11.10"]

1. d4 b6 2. Nf3 Bb7 3. g3 e6 4. c4 f5 5. Bg5 Nf6 6. Bg2 Be7 7. O-O O-O 8. Nc3
d6 9. Qb3 h6 10. Bd2 Ne4 11. Rfd1 Nd7 12. c5 d5 13. cxb6 axb6 14. Na4 Ba6 15.
Bf1 Qe8 16. Bf4 Ndf6 17. Ne5 Bd6 18. Nc3 g5 19. Nxe4 fxe4 20. Bd2 Bxe5 21. dxe5
Ng4 22. f4 exf3 23. exf3 Nxe5 24. Bxa6 Nxf3+ 25. Kg2 Nxd2 26. Qd3 Ne4 27. Rf1
Nc5 28. Rxf8+ Qxf8 0-1

[Event "Madrid ch - Previa A"]
[Site "Madrid ESP"]
[Date "2010.11.23"]
[Round "7.18"]
[White "Fernandez Martinez, Jose"]
[Black "Marcelo De La Mata, Daniel"]
[Result "0-1"]
[WhiteElo "1794"]
[BlackElo "1684"]
[PlyCount "80"]
[EventDate "2010.11.10"]
[EventType "swiss"]
[EventRounds "9"]
[EventCountry "ESP"]
[Source "lmi"]
[SourceDate "2010.11.10"]

1. e4 c5 2. Nf3 Nc6 3. d4 cxd4 4. Nxd4 Nf6 5. Nc3 e5 6. Ndb5 d6 7. Na3 a6 8. f3
Be6 9. Be3 d5 10. exd5 Nxd5 11. Nxd5 Qxd5 12. Qxd5 Bxd5 13. c4 Bb4+ 14. Bd2 Be6
15. Nc2 Bxd2+ 16. Kxd2 O-O-O+ 17. Kc3 Rd7 18. Be2 Rhd8 19. Rad1 f5 20. b3 Kc7
21. Rhe1 Ne7 22. Rxd7+ Rxd7 23. Bd3 Nc6 24. g3 g6 25. a3 Re7 26. b4 Bd7 27. b5
axb5 28. cxb5 Nd4 29. Nxd4 exd4+ 30. Kd2 Rxe1 31. Kxe1 Kb6 32. a4 Ka5 33. Bc2
Kb4 34. Kd2 Be6 35. Kd3 Kc5 36. Kd2 Bc4 37. Bd3 b6 38. h4 Kb4 39. Kc2 Bb3+ 40.
Kd2 Bxa4 0-1

[Event "Madrid ch - Previa A"]
[Site "Madrid ESP"]
[Date "2010.11.23"]
[Round "7.19"]
[White "De Dompablo Fantova, Juan"]
[Black "Diaz Begonte, Manuel"]
[Result "0-1"]
[WhiteElo "1755"]
[BlackElo "1781"]
[PlyCount "76"]
[EventDate "2010.11.10"]
[EventType "swiss"]
[EventRounds "9"]
[EventCountry "ESP"]
[Source "lmi"]
[SourceDate "2010.11.10"]

1. c4 c6 2. g3 d5 3. Bg2 dxc4 4. Qc2 Be6 5. Na3 Nf6 6. Nxc4 g6 7. b3 Bg7 8. Bb2
O-O 9. e4 Na6 10. Ne2 Nb4 11. Qc3 Nd3+ 12. Kf1 Bxc4 13. bxc4 Nxb2 14. Qxb2 Nxe4
15. d4 Nd6 16. Qb3 Qc7 17. Rd1 Qb6 18. Qd3 Qa6 19. c5 Qxd3 20. Rxd3 Nf5 21. g4
Nh4 22. Bh3 g5 23. f4 h6 24. Ke1 Rfd8 25. f5 Bxd4 26. Nxd4 Rxd4 27. Rxd4 Nf3+
28. Kf2 Nxd4 29. Rd1 e5 30. fxe6 Nxe6 31. Rc1 Rd8 32. Bg2 Rd2+ 33. Kg3 Rxa2 34.
Bf1 Ra5 35. Rd1 Ra3+ 36. Kf2 Nxc5 37. Rd8+ Kg7 38. Rc8 Ne4+ 0-1

[Event "Madrid ch - Previa A"]
[Site "Madrid ESP"]
[Date "2010.11.23"]
[Round "7.20"]
[White "Prieto Saiz, Carlos Francisco"]
[Black "Benito Mellado, Humberto"]
[Result "1-0"]
[WhiteElo "1753"]
[BlackElo "1626"]
[PlyCount "73"]
[EventDate "2010.11.10"]
[EventType "swiss"]
[EventRounds "9"]
[EventCountry "ESP"]
[Source "lmi"]
[SourceDate "2010.11.10"]

1. d4 d5 2. Nf3 Nf6 3. Bg5 Ne4 4. e3 Nxg5 5. Nxg5 h6 6. Nf3 Bg4 7. Be2 Nc6 8.
c4 e6 9. cxd5 exd5 10. Nc3 Qd7 11. Qb3 Bb4 12. O-O Be6 13. Bb5 Qd6 14. Ne5 a6
15. Bxc6+ bxc6 16. a3 Bxc3 17. Qxc3 Bd7 18. Rfc1 Ke7 19. Nxc6+ Bxc6 20. Qxc6
Qxc6 21. Rxc6 Kd7 22. Rac1 Rhc8 23. b4 a5 24. b5 a4 25. R1c5 Rab8 26. Rxd5+ Ke7
27. Rdc5 Kd7 28. Rd5+ Ke7 29. g3 Rb6 30. Kf1 Rxc6 31. bxc6 Rb8 32. Rd7+ Ke6 33.
Rxc7 Kd6 34. Rxf7 Kxc6 35. Ra7 Rb1+ 36. Ke2 Rb2+ 37. Kf3 1-0

[Event "Madrid ch - Previa A"]
[Site "Madrid ESP"]
[Date "2010.11.23"]
[Round "7.21"]
[White "Martin Rodriguez, Jose L"]
[Black "Martinez Miura, Enrique"]
[Result "1/2-1/2"]
[WhiteElo "1502"]
[BlackElo "1733"]
[PlyCount "87"]
[EventDate "2010.11.10"]
[EventType "swiss"]
[EventRounds "9"]
[EventCountry "ESP"]
[Source "lmi"]
[SourceDate "2010.11.10"]

1. e4 e6 2. d4 d5 3. Nc3 Nf6 4. Bg5 Be7 5. e5 Nfd7 6. h4 Bxg5 7. hxg5 Qxg5 8.
Qd3 h6 9. Nf3 Qe7 10. Nb5 Nf8 11. Be2 a6 12. Nc3 c5 13. dxc5 Qxc5 14. Rd1 Nc6
15. a3 Qa5 16. Kf1 Ng6 17. Qe3 Qc7 18. Rh5 Bd7 19. Bd3 Nce7 20. g4 Rc8 21. Qd4
Qc5 22. Qxc5 Rxc5 23. Rh2 Nf4 24. Nd4 Nc6 25. Nxc6 Bxc6 26. Be2 Nxe2 27. Kxe2
Rc4 28. f3 d4 29. Kd3 b5 30. Ne4 Bxe4+ 31. Kxe4 Ke7 32. Rxd4 Rxd4+ 33. Kxd4 Rc8
34. c3 Rc4+ 35. Kd3 f6 36. exf6+ Kxf6 37. Rd2 Rc6 38. Ke4 g6 39. f4 Rc4+ 40.
Kf3 Rc6 41. Rd8 Kf7 42. Rd2 Kf6 43. Rd8 Kf7 44. Rd2 1/2-1/2

[Event "Madrid ch - Previa A"]
[Site "Madrid ESP"]
[Date "2010.11.23"]
[Round "7.23"]
[White "Castro Uceda, Jose Antonio"]
[Black "Cortijo Manso, Luis"]
[Result "1-0"]
[WhiteElo "1647"]
[BlackElo "1592"]
[PlyCount "34"]
[EventDate "2010.11.10"]
[EventType "swiss"]
[EventRounds "9"]
[EventCountry "ESP"]
[Source "lmi"]
[SourceDate "2010.11.10"]

1. d4 Nf6 2. c4 c5 3. e3 e6 4. Nc3 Nc6 5. Nf3 d5 6. cxd5 Nxd5 7. Bb5 Nxc3 8.
Bxc6+ bxc6 9. bxc3 cxd4 10. cxd4 c5 11. O-O cxd4 12. Nxd4 Ba6 13. Qa4+ Qd7 14.
Qxa6 Bd6 15. Qc6 Rd8 16. Qxd7+ Rxd7 17. Rb1 O-O 1-0

[Event "Madrid ch - Previa A"]
[Site "Madrid ESP"]
[Date "2010.11.23"]
[Round "7.25"]
[White "Ojosnegros Martin, Angel"]
[Black "Martinez Carrasco, Jesus"]
[Result "0-1"]
[WhiteElo "1376"]
[BlackElo "1577"]
[PlyCount "48"]
[EventDate "2010.11.10"]
[EventType "swiss"]
[EventRounds "9"]
[EventCountry "ESP"]
[Source "lmi"]
[SourceDate "2010.11.10"]

1. e4 e5 2. Nf3 Nc6 3. Bb5 Nf6 4. Bxc6 dxc6 5. Nc3 Bd6 6. O-O O-O 7. d4 Bg4 8.
Be3 Re8 9. d5 cxd5 10. Nxd5 Nxe4 11. h3 Bh5 12. Re1 c6 13. Nc3 Nxc3 14. bxc3 e4
15. g4 Bg6 16. Nd2 Qh4 17. Nxe4 Bxe4 18. Qxd6 Qxh3 19. Qh2 Qxg4+ 20. Kf1 Bxc2
21. Qg2 Qc4+ 22. Kg1 Re6 23. Bg5 Rg6 24. Re3 h6 0-1

[Event "Madrid ch - Previa A"]
[Site "Madrid ESP"]
[Date "2010.11.24"]
[Round "8.1"]
[White "Rodriguez Vignote, Javier"]
[Black "Camarero Izquierdo, Juan Carlos"]
[Result "1-0"]
[WhiteElo "1904"]
[BlackElo "1876"]
[PlyCount "139"]
[EventDate "2010.11.10"]
[EventType "swiss"]
[EventRounds "9"]
[EventCountry "ESP"]
[Source "lmi"]
[SourceDate "2010.11.10"]

1. d4 e6 2. Nf3 f5 3. g3 d5 4. Bg2 Nf6 5. O-O Bd6 6. b3 c6 7. c4 Nbd7 8. Ba3
Bxa3 9. Nxa3 Ne4 10. Qc1 O-O 11. Nc2 Qe8 12. Ne5 Qh5 13. f3 Ng5 14. h4 Nf7 15.
Nxf7 Rxf7 16. Qe3 Rf6 17. f4 Rg6 18. cxd5 cxd5 19. Qf3 Qh6 20. h5 Rf6 21. Kf2
Rf8 22. Rh1 Nf6 23. Rag1 Bd7 24. Rh4 Rac8 25. Ne1 Rc3 26. Qxc3 Rc8 27. Qb2 Ng4+
28. Kf3 b5 29. Nd3 b4 30. Rc1 Rb8 31. e3 Nf6 32. Nc5 Be8 33. Kf2 Bxh5 34. Bf3
Qg6 35. Bxh5 Nxh5 36. Rg1 Nf6 37. Qe2 Ng4+ 38. Kg2 Rc8 39. Rgh1 h6 40. Kh3 Qf6
41. Rxg4 fxg4+ 42. Qxg4 Re8 43. Rc1 Kf7 44. Nd7 Qd8 45. Ne5+ Kg8 46. Qg6 Rf8
47. Qxe6+ Kh7 48. Rc5 Rf6 49. Qxd5 Qe8 50. Qe4+ Kg8 51. Qf3 h5 52. Qd5+ Kh7 53.
Qd7 Qa8 54. d5 a5 55. Rc7 Qg8 56. Nf3 Qf8 57. Qe7 a4 58. Qxf8 Rxf8 59. e4 Ra8
60. bxa4 Rxa4 61. Rb7 Kg6 62. e5 Kf5 63. d6 Ke4 64. Ng5+ Kd5 65. d7 Ra8 66. Nf7
Kc6 67. d8=Q Kxb7 68. Nd6+ Ka7 69. Qa5+ Kb8 70. Qb6# 1-0

[Event "Madrid ch - Previa A"]
[Site "Madrid ESP"]
[Date "2010.11.24"]
[Round "8.3"]
[White "Montero Garcia, Fco. Javier"]
[Black "Rojas Pozo, Jose Luis"]
[Result "0-1"]
[WhiteElo "1925"]
[BlackElo "1946"]
[PlyCount "60"]
[EventDate "2010.11.10"]
[EventType "swiss"]
[EventRounds "9"]
[EventCountry "ESP"]
[Source "lmi"]
[SourceDate "2010.11.10"]

1. Nf3 Nf6 2. d4 d5 3. c4 c6 4. g3 Bf5 5. Nc3 e6 6. Bg2 h6 7. O-O Nbd7 8. cxd5
exd5 9. Bf4 Be7 10. Qb3 Qb6 11. Qxb6 axb6 12. Ne5 g5 13. Be3 b5 14. a4 b4 15.
Nxd7 Kxd7 16. Nb1 Ra5 17. Nd2 Rha8 18. Nb3 Rxa4 19. Rxa4 Rxa4 20. Nc5+ Bxc5 21.
dxc5 b3 22. Rd1 Bc2 23. Rd2 Ra1+ 24. Bf1 Ne4 25. Rd4 Nxc5 26. Rb4 Kd6 27. Kg2
b5 28. h4 Ra4 29. Rxa4 bxa4 30. hxg5 a3 0-1